000 00652nam a2200277Ia 4500
005 20260324121140.0
008 008 260324s9999 xx 000 0 eng d
020 _a9780203145975
037 _aEBOOK
040 _aCRL
040 _beng
040 _cCRL
041 _2eng
041 _aeng
084 _qCRL
100 _aVassilis Fouskas
_91161378
245 4 _aThe Politics of International Political Economy
260 _bTaylor and Francis
260 _c2014
365 _a
365 _b315
856 _uhttp://www.taylorfrancis.com/books/9780203145975
942 _cEBOOK
999 _c1753300
_d1753300